• 首页
  • 本馆介绍
  • 公告通知
  • 最新文献
  • 馆藏检索
  • 电子资源
  • 读者导购
  • 参考咨询
  • 我的图书馆
  • 登录
  • 详细信息显示
  • 放入我的书架
  • 预约/预借图书
  • 作者相关作品
  • 分类相关作品
  • 丛书相关作品
  • 出版社相关作品

书目信息

  • 表格格式
  • 工作单格式
  • 卡片格式
题名:
民主与教育
    
 
作者: 杜威 著 ;俞吾金 , 孔慧 译
分册:  
出版信息: 上海   华东师范大学出版社  2019.05
页数: 432页
开本: 21cm
丛书名: 杜威著作精选
单 册:
中图分类: G40-06 , B712.51
科图分类:
主题词:
电子资源:
ISBN: 978-7-5675-8873-8
000 01140nam 2200289 450
001 0105143321
005 20201105143350.0
010    @a978-7-5675-8873-8@dCNY58.00
100    @a20190731e20202019em y0chiy50 ea
101 1  @achi@ceng
102    @aCN@b310000
105    @ay z 000yy
106    @ar
200 1  @a民主与教育@Amin zhu yu jiao yu@f(美)约翰·杜威著@g俞吾金,孔慧译
210    @a上海@c华东师范大学出版社@d2019.05@h2020.04
215    @a432页@d21cm
225 2  @a杜威著作精选@Adu wei zhu zuo jing xuan
330    @a本书被誉为二十世纪重要的教育思想著作。作者详述了实用主义的教育理论,结合民主的理念剖析教育事业所面临的问题。书中不仅探讨了教育的性质、作用及目的等抽象的内容,同时也涵盖教育过程中遇到的具体问题,例如不同学科价值的定位、教材的性质以及劳动、休闲与教育的关系等。
461  0 @12001 @a杜威著作精选
600  1 @a杜威@Adu wei@c(Dewey, John),@f1859-1952@x实用主义思想教育
690    @aG40-06@v5
690    @aB712.51@v5
701  1 @c(美)@a杜威@Adu wei@c(Dewey, John@4著
702  0 @a俞吾金@Ayu wu jin@4译
702  0 @a孔慧@Akong hui@4译
801  0 @aCN@bBJSZM@c20201105
905    @b1262606-9@dG40-06@e1154@f4
    
    民主与教育/(美)约翰·杜威著/俞吾金,孔慧译.-上海:华东师范大学出版社,2019.05(2020.04)
    432页;21cm.-(杜威著作精选)
    
    
    ISBN 978-7-5675-8873-8:CNY58.00
    本书被誉为二十世纪重要的教育思想著作。作者详述了实用主义的教育理论,结合民主的理念剖析教育事业所面临的问题。书中不仅探讨了教育的性质、作用及目的等抽象的内容,同时也涵盖教育过程中遇到的具体问题,例如不同学科价值的定位、教材的性质以及劳动、休闲与教育的关系等。
●
相关链接 在E读中查询图书 在五车中查询图书 在当当中查询图书 在豆瓣中查询图书


正题名:民主与教育     索取号:G40-06/1154         预约/预借

序号 登录号 条形码 馆藏地/架位号 状态 备注
1 1262606   212626069   第一样本阅览室/ [索取号:G40-06/1154] 在馆    
2 1262607   212626078   教育系资料室/ [索取号:G40-06/1154] 在馆    
3 1262608   212626087   教育系资料室/ [索取号:G40-06/1154] 在馆    
4 1262609   212626096   第四借阅区/ [索取号:G40-06/1154] 在馆    
唐山师范学院图书馆 欢迎您!
大连网信软件有限公司© 版权所有